Osobitosti vývoja portugalského politického systému

Stručné dejiny Portugalska a jeho parlamentného systému. Spoločensko-politická situácia v Portugalsku. Sústava najvyšších štátnych orgánov - prezident PR, Republikové zhromaždenie PR, vláda PR a Ústavný súd. Vertikálne rozdelenie štátnej moci. Systém politických strán.

Salvato in:
Dettagli Bibliografici
Autore principale: Rusiňák, Peter
Natura: Capitolo di libro
Lingua:slovacco
Soggetti:
Tags: Aggiungi Tag
Nessun Tag, puoi essere il primo ad aggiungerne!!

MARC

LEADER 00000naa$a2200000$$$4500
001 0026174
005 20240502071425.0
041 0 |a slo 
044 |a SK 
245 1 0 |a Osobitosti vývoja portugalského politického systému  |c Peter Rusiňák 
520 |a Stručné dejiny Portugalska a jeho parlamentného systému. Spoločensko-politická situácia v Portugalsku. Sústava najvyšších štátnych orgánov - prezident PR, Republikové zhromaždenie PR, vláda PR a Ústavný súd. Vertikálne rozdelenie štátnej moci. Systém politických strán. 
610 2 0 |a systémy politické 
610 2 0 |a Portugalsko 
610 2 0 |a história 
610 2 0 |a vývoj spoločenský 
610 2 0 |a strany politické 
610 2 0 |a strany vládne 
610 2 0 |a moc štátna 
100 1 |a Rusiňák, Peter